[Event "SportAccord Blitz Men 2013"]
[Site "Beijing CHN"]
[Date "2013.12.14"]
[Round "6.4"]
[White "Giri, Anish"]
[Black "Mamedyarov, Shakhriyar"]
[Result "0-1"]
[WhiteTitle "GM"]
[BlackTitle "GM"]
[WhiteElo "2734"]
[BlackElo "2757"]
[WhiteFideId "24116068"]
[BlackFideId "13401319"]
[EventDate "2013.12.14"]

1. Nf3 g6 2. g3 Bg7 3. d4 d5 4. Bg2 Nf6 5. c4 dxc4 6. Na3 c3 7. bxc3 O-O 8. O-O
c5 9. Bb2 Nc6 10. Re1 cxd4 11. cxd4 Qa5 12. Nc4 Qa6 13. Nfe5 Be6 14. d5 Rfd8 15.
e4 Nxe5 16. Nxe5 Ng4 17. Nd3 Nxf2 18. Kxf2 Bxb2 19. Nxb2 Qb6+ 20. Kf1 Qxb2 21.
Qc1 Qf6+ 22. Qf4 Bd7 23. e5 Qxf4+ 24. gxf4 Rac8 25. Rec1 Bb5+ 26. Kf2 Rc4 27.
Rab1 b6 28. Ke3 Ba6 29. a3 Ra4 30. Rc3 Bc4 31. Rd1 b5 32. Be4 Kf8 33. d6 exd6
34. exd6 Be6 35. Bb7 b4 36. axb4 Rxb4 37. Rc7 Rb6 38. Bc6 a5 39. Ke4 a4 40. Ke5
a3 41. Kf6 a2 42. d7 Bxd7 43. h4 a1=Q+ 0-1

[Event "SportAccord Blitz Men 2013"]
[Site "Beijing CHN"]
[Date "2013.12.14"]
[Round "6.5"]
[White "Vachier-Lagrave, Maxime"]
[Black "Nepomniachtchi, Ian"]
[Result "0-1"]
[WhiteTitle "GM"]
[BlackTitle "GM"]
[WhiteElo "2745"]
[BlackElo "2721"]
[WhiteFideId "623539"]
[BlackFideId "4168119"]
[EventDate "2013.12.14"]

1. e4 e6 2. d4 d5 3. Nd2 a5 4. c3 a4 5. Ngf3 Be7 6. Bb5+ Bd7 7. Bd3 dxe4 8. Nxe4
Nf6 9. Ne5 Nc6 10. Nxd7 Qxd7 11. O-O Nxe4 12. Bxe4 Bf6 13. Re1 O-O 14. Bf4 Ra5
15. b4 axb3 16. axb3 Rfa8 17. Rxa5 Rxa5 18. b4 Ra7 19. Qf3 Ne7 20. g4 Ra3 21.
Bc1 Ra1 22. Bd2 Rxe1+ 23. Bxe1 c6 24. Bd2 Nd5 25. g5 Be7 26. h4 g6 27. h5 Qd8
28. Qg3 Bd6 29. Qg4 Ne7 30. c4 Qa8 31. c5 Bc7 32. Be3 Qa4 33. Qf3 Nf5 34. Bxf5
gxf5 35. Kg2 Qxb4 36. h6 Qb3 37. Qe2 f4 38. Qf3 fxe3 39. Qf6 Kf8 40. g6 Qd5+ 41.
f3 Qa2+ 42. Kh3 Qh2+ 0-1

[Event "SportAccord Blitz Men 2013"]
[Site "Beijing CHN"]
[Date "2013.12.14"]
[Round "6.6"]
[White "Ponomariov, Ruslan"]
[Black "Grischuk, Alexander"]
[Result "0-1"]
[WhiteTitle "GM"]
[BlackTitle "GM"]
[WhiteElo "2731"]
[BlackElo "2783"]
[WhiteFideId "14103320"]
[BlackFideId "4126025"]
[EventDate "2013.12.14"]

1. e4 c6 2. d4 d5 3. e5 c5 4. dxc5 Nc6 5. Nf3 Bg4 6. c3 a6 7. Be3 Nxe5 8. Nbd2
Nf6 9. Be2 Nxf3+ 10. Nxf3 g6 11. O-O Bg7 12. h3 Bxf3 13. Bxf3 O-O 14. c4 e6 15.
Rc1 Qd7 16. Qb3 Rfd8 17. Rfd1 Rac8 18. Bd4 Qe7 19. cxd5 exd5 20. Bxf6 Bxf6 21.
Bxd5 Rc7 22. Re1 Qd7 23. Bf3 Qc8 24. Qb6 Kg7 25. b4 Rd2 26. Rcd1 Rxa2 27. Qd6
Rb2 28. Re4 Rc6 29. Qd5 Qc7 30. g3 a5 31. bxa5 Rxc5 32. Qd6 Qxd6 33. Rxd6 Rcc2
34. Rb6 Rxf2 35. Rxb2 Rxb2 36. Rc4 Bd8 37. Ra4 h5 38. a6 Bb6+ 39. Kh1 bxa6 40.
Rxa6 Bc7 41. g4 Rh2+ 42. Kg1 Rxh3 43. Bg2 Rh4 44. gxh5 Rxh5 45. Rc6 Bd8 46. Bf3
Rf5 47. Kg2 Re5 48. Rd6 Be7 49. Rd7 f5 50. Rd5 Re6 51. Rb5 Kf6 52. Bd5 Ra6 53.
Bc4 Rc6 54. Bd5 Rc2+ 55. Kf3 Bc5 56. Bb3 Rc3+ 57. Ke2 Re3+ 58. Kf1 Re5 59. Rb7
g5 60. Rf7+ Kg6 61. Rd7 Re3 62. Bc2 Rf3+ 63. Ke1 g4 64. Rd5 Bg1 65. Bd3 Kf6 66.
Be2 Rf4 67. Rb5 Bf2+ 68. Kf1 Bd4+ 69. Ke1 g3 70. Bf1 Bc3+ 0-1

[Event "SportAccord Blitz Men 2013"]
[Site "Beijing CHN"]
[Date "2013.12.14"]
[Round "6.7"]
[White "Wang, Hao"]
[Black "Le, Quang Liem"]
[Result "1/2-1/2"]
[WhiteTitle "GM"]
[BlackTitle "GM"]
[WhiteElo "2735"]
[BlackElo "2703"]
[WhiteFideId "8602883"]
[BlackFideId "12401137"]
[EventDate "2013.12.14"]

1. d4 d5 2. c4 c6 3. Nf3 Nf6 4. e3 e6 5. Nbd2 Nbd7 6. Bd3 Bd6 7. b3 e5 8. cxd5
cxd5 9. dxe5 Nxe5 10. Bb5+ Bd7 11. Bxd7+ Qxd7 12. O-O Nd3 13. Qe2 Nxc1 14. Raxc1
O-O 15. Nd4 g6 16. Qb5 Qe7 17. N2f3 Rac8 18. g3 Ba3 19. Rc2 Rxc2 20. Nxc2 Bd6
21. Ncd4 Rc8 22. Kg2 a6 23. Qd3 Bb4 24. Ne2 Qe4 25. Qxe4 dxe4 26. Nfd4 Ng4 27.
Nf4 Kg7 28. Nd5 Bd6 29. Rd1 Ne5 30. Nb6 Rc3 31. Ne6+ fxe6 32. Rxd6 Rc2 33. Rxe6
Nd3 34. Rxe4 Rxf2+ 35. Kg1 Rxa2 36. Re7+ Kh6 37. Nd5 b5 38. h4 g5 39. Re6+ Kh5
40. Nf6+ Kg6 41. Rd6 Nc1 42. e4 gxh4 43. gxh4 Nxb3 44. h5+ Kg5 45. e5 Nc5 46. h6
b4 47. Nxh7+ Kf5 48. Nf8 Ra1+ 49. Kg2 Ra2+ 50. Kg1 Ra1+ 51. Kh2 Ra2+ 52. Kg1
Ra1+ 53. Kg2 Ra2+ 54. Kg1 Ra1+ 55. Kg2 Ra2+ 56. Kg1 1/2-1/2

[Event "SportAccord Blitz Men 2013"]
[Site "Beijing CHN"]
[Date "2013.12.14"]
[Round "6.8"]
[White "Leko, Peter"]
[Black "Kamsky, Gata"]
[Result "0-1"]
[WhiteTitle "GM"]
[BlackTitle "GM"]
[WhiteElo "2730"]
[BlackElo "2721"]
[WhiteFideId "703303"]
[BlackFideId "2000024"]
[EventDate "2013.12.14"]

1. e4 c6 2. d4 d5 3. Nc3 g6 4. h3 Bg7 5. Nf3 dxe4 6. Nxe4 Nd7 7. Bc4 Ndf6 8.
Nxf6+ Nxf6 9. O-O O-O 10. Qe2 e6 11. Bf4 b6 12. Rad1 Bb7 13. Rfe1 Qe7 14. Ne5
Nd5 15. Bg3 Rad8 16. Ba6 Ba8 17. a3 c5 18. Bb5 Nc7 19. dxc5 Nxb5 20. Qxb5 Rxd1
21. Rxd1 bxc5 22. Nc6 Qg5 23. Nxa7 h5 24. h4 Qf5 25. Qe2 Bxb2 26. Nb5 Qe4 27.
Qxe4 Bxe4 28. c3 Bc6 29. c4 Ra8 30. Rd6 Bxb5 31. cxb5 Rxa3 32. b6 Rb3 33. Rc6
Bd4 34. Kf1 e5 35. Ke2 c4 36. Rxc4 Rxb6 37. Rc2 Kg7 38. f3 Kf6 39. Bf2 Rb4 40.
Be1 Ra4 41. g3 Kf5 42. Bd2 f6 43. Be1 Ra1 44. Rc8 Ra2+ 45. Kf1 Rh2 46. Re8 Rh1+
47. Ke2 Rh2+ 48. Kf1 Rc2 49. Re7 Ra2 50. Re8 g5 51. hxg5 fxg5 52. Rf8+ Ke6 53.
Rh8 Rh2 54. Rg8 Kf6 55. Rf8+ Kg6 56. Rg8+ Kf5 57. Rf8+ Ke6 58. Rg8 Kd5 59. Rxg5
Kc4 60. Rf5 Kd3 61. Ba5 Rf2+ 62. Ke1 Rg2 0-1

[Event "SportAccord Blitz Men 2013"]
[Site "Beijing CHN"]
[Date "2013.12.14"]
[Round "7.1"]
[White "Kamsky, Gata"]
[Black "Aronian, Levon"]
[Result "0-1"]
[WhiteTitle "GM"]
[BlackTitle "GM"]
[WhiteElo "2721"]
[BlackElo "2803"]
[WhiteFideId "2000024"]
[BlackFideId "13300474"]
[EventDate "2013.12.14"]

1. d4 Nf6 2. Nf3 d5 3. c3 c6 4. Bf4 Bf5 5. e3 e6 6. Nbd2 Be7 7. h3 h6 8. Be2
Nbd7 9. O-O O-O 10. Ne5 Nxe5 11. Bxe5 a5 12. Qb3 Nd7 13. Bg3 Qb6 14. Qxb6 Nxb6
15. a4 Bg6 16. Rfe1 Nc8 17. Bf3 Nd6 18. e4 Rfe8 19. Re2 Bf8 20. Bf4 Red8 21. h4
Ra6 22. h5 Bh7 23. g3 Rb6 24. Ra2 Rd7 25. Re1 Be7 26. Kg2 Kf8 27. Kg1 Bg8 28.
Kg2 dxe4 29. Nxe4 Nxe4 30. Rxe4 f6 31. Be3 Bd8 32. Rh4 e5 33. Ra1 Rxb2 34. dxe5
fxe5 35. Rhh1 Bb6 36. Bxb6 Rxb6 37. Rhb1 Rxb1 38. Rxb1 Ke7 39. Bg4 Be6 40. Bxe6
Kxe6 41. Kf3 Rf7+ 42. Ke3 Kd5 43. f3 Kc4 44. Rc1 b5 45. Ra1 Kxc3 46. axb5 cxb5
47. Rxa5 Kc4 48. Ke4 b4 49. Ra4 Kb5 50. Ra8 Rb7 51. Kxe5 b3 52. Ra1 b2 53. Rb1
Kc4 54. f4 Kc3 55. f5 Rb4 56. f6 gxf6+ 57. Kxf6 Rg4 58. Rg1 Kc2 59. Rg2+ Kb3 60.
Rg1 Ka2 61. Kf5 Rg5+ 0-1

[Event "SportAccord Blitz Men 2013"]
[Site "Beijing CHN"]
[Date "2013.12.14"]
[Round "7.2"]
[White "Le, Quang Liem"]
[Black "Leko, Peter"]
[Result "1/2-1/2"]
[WhiteTitle "GM"]
[BlackTitle "GM"]
[WhiteElo "2703"]
[BlackElo "2730"]
[WhiteFideId "12401137"]
[BlackFideId "703303"]
[EventDate "2013.12.14"]

1. d4 Nf6 2. c4 e6 3. Nf3 b6 4. g3 Ba6 5. b3 Bb4+ 6. Bd2 Be7 7. Bg2 c6 8. O-O d5
9. Qc2 Nbd7 10. Rd1 O-O 11. Bf4 Rc8 12. Nc3 Nh5 13. Bc1 Nhf6 14. e4 dxc4 15. Bf4
Nh5 16. Be3 Nhf6 17. Bf4 Nh5 18. Be3 Nhf6 19. h3 b5 20. bxc4 bxc4 21. Rab1 Qa5
22. Bd2 Qa3 23. Bc1 Qa5 24. Bd2 Qa3 25. Ne5 Rfd8 26. Bc1 Qa5 27. Nxd7 Rxd7 28.
Be3 h6 29. Bf1 Rcd8 30. a4 Bb4 31. Na2 c5 32. Bxc4 Bxc4 33. Qxc4 Nxe4 34. Nxb4
cxb4 35. Qxb4 Qf5 36. Kg2 Nf6 37. Rdc1 Nd5 38. Qb3 Ne7 39. Rc4 Qe4+ 40. Kg1 Nf5
41. Rbc1 h5 42. Qb1 Qf3 43. R4c3 Qd5 44. Rc5 Qf3 45. R5c3 Qe2 46. Qd3 Qxd3 47.
Rxd3 Rd5 48. Rc7 R8d7 49. Rxd7 Rxd7 50. Rb3 f6 51. Rb5 Kh7 52. Kf1 Kg6 53. Ra5
Ne7 54. Ke2 Nd5 55. Bd2 Rb7 56. Kf3 Kf5 57. Be3 g5 58. g4+ Kg6 59. Ra6 hxg4+ 60.
hxg4 Kf7 61. Ra5 Ke7 62. Rc5 Kd7 63. Bd2 Rb2 64. Be3 a6 65. Ra5 Rb6 66. Bd2 Rc6
67. Ke2 Kc7 68. Rc5 Rxc5 69. dxc5 Kc6 70. Kd3 Kxc5 71. Ba5 Nb4+ 72. Ke4 Nd5 73.
Kd3 Kd6 74. Kd4 Kc6 75. Bd2 Ne7 76. Ba5 Nd5 77. Bd8 Kd7 78. Ba5 Kd6 79. Bd2 e5+
80. Kc4 Kc6 81. Ba5 Kd6 82. Bd2 Nb6+ 83. Kb4 Kc6 84. Be1 Nc8 85. Kc4 Nd6+ 86.
Kd3 Kd5 87. Bb4 Ne4 88. Ke3 Nd6 89. Kd3 Nb7 90. Be7 Nc5+ 91. Ke3 Nd7 92. Kd3 Ke6
93. Ba3 Nb6 94. a5 Nd7 95. Kc4 e4 96. Kd4 Ne5 97. Kxe4 Nxg4 98. Bc5 Ne5 99. Bb6
Nc6 100. Ke3 f5 101. f3 Kd5 102. Kd3 Ne5+ 103. Ke2 Nc4 104. Bd8 g4 105. fxg4
fxg4 106. Kf2 Ke4 107. Kg3 Kf5 108. Bc7 Nd2 109. Bb8 Ne4+ 110. Kh4 Nf6 111. Kg3
Kg5 112. Bf4+ Kh5 113. Bc7 Nd5 114. Bd8 Ne3 115. Kf4 Nc4 116. Kg3 Ne5 117. Bc7
Ng6 118. Bd8 Nf8 119. Be7 Ne6 120. Bf6 Kg6 121. Be7 Kf5 122. Bd6 Ng5 123. Bb8
Ne4+ 124. Kh4 Nf6 125. Kg3 Ke4 126. Bc7 Kf5 127. Bb8 Kg5 128. Bf4+ Kf5 129. Bb8
Nd7 130. Bc7 Nc5 131. Bb8 Ne4+ 132. Kh4 Nc3 133. Kg3 Ne2+ 134. Kf2 Nf4 135. Kg3
Nd3 136. Bc7 1/2-1/2

[Event "SportAccord Blitz Men 2013"]
[Site "Beijing CHN"]
[Date "2013.12.14"]
[Round "7.3"]
[White "Grischuk, Alexander"]
[Black "Wang, Hao"]
[Result "1/2-1/2"]
[WhiteTitle "GM"]
[BlackTitle "GM"]
[WhiteElo "2783"]
[BlackElo "2735"]
[WhiteFideId "4126025"]
[BlackFideId "8602883"]
[EventDate "2013.12.14"]

1. e4 c6 2. d4 d5 3. e5 Bf5 4. Nf3 e6 5. Be2 Ne7 6. O-O Bg6 7. Nbd2 Nf5 8. Nb3
Nd7 9. Bd2 Be7 10. g4 Nh4 11. Nxh4 Bxh4 12. f4 f5 13. Bd3 Be7 14. Be3 O-O 15.
Kh1 Qe8 16. h3 fxg4 17. hxg4 Bxd3 18. Qxd3 h5 19. Qe2 hxg4 20. Qxg4 Rf5 21. Rf3
Qh5+ 22. Qxh5 Rxh5+ 23. Kg2 Kf7 24. Rh1 Rxh1 25. Kxh1 Rh8+ 26. Kg2 Nf8 27. Rh3
Rxh3 28. Kxh3 b6 29. Kg4 Ng6 30. Bf2 Bf8 31. Bh4 Be7 32. Bg3 Bf8 33. Bh4 Be7 34.
Bg3 Bf8 1/2-1/2

[Event "SportAccord Blitz Men 2013"]
[Site "Beijing CHN"]
[Date "2013.12.14"]
[Round "7.4"]
[White "Nepomniachtchi, Ian"]
[Black "Ponomariov, Ruslan"]
[Result "1-0"]
[WhiteTitle "GM"]
[BlackTitle "GM"]
[WhiteElo "2721"]
[BlackElo "2731"]
[WhiteFideId "4168119"]
[BlackFideId "14103320"]
[EventDate "2013.12.14"]

1. e4 e5 2. Nf3 Nc6 3. d4 exd4 4. Nxd4 Nf6 5. Nxc6 bxc6 6. e5 Qe7 7. Qe2 Nd5 8.
c4 Nb6 9. Nc3 Qe6 10. Qe4 Ba6 11. b3 Bb4 12. Bd2 Bxc3 13. Bxc3 d5 14. Qh4 dxc4
15. Be2 Nd5 16. Bxc4 g5 17. Bxd5 gxh4 18. Bxe6 fxe6 19. Rd1 Rg8 20. g3 Rd8 21.
Rxd8+ Kxd8 22. Kd2 c5 23. Ke3 Kd7 24. Rc1 Rd8 25. Rd1+ Ke7 26. Rxd8 Kxd8 27. g4
h3 28. f4 Bb7 29. f5 Ke7 30. Bb2 Kf7 31. Ba3 c4 32. bxc4 a6 33. Bb4 Bg2 34. Ba5
c5 35. Kd2 Bf3 36. f6 Bxg4 37. Bb6 Bf3 38. Bxc5 Ke8 39. Kc3 1-0

[Event "SportAccord Blitz Men 2013"]
[Site "Beijing CHN"]
[Date "2013.12.14"]
[Round "7.5"]
[White "Mamedyarov, Shakhriyar"]
[Black "Vachier-Lagrave, Maxime"]
[Result "0-1"]
[WhiteTitle "GM"]
[BlackTitle "GM"]
[WhiteElo "2757"]
[BlackElo "2745"]
[WhiteFideId "13401319"]
[BlackFideId "623539"]
[EventDate "2013.12.14"]

1. d4 Nf6 2. c4 g6 3. Nc3 d5 4. Nf3 Bg7 5. h4 dxc4 6. e4 c5 7. d5 b5 8. h5 Nxh5
9. Nxb5 O-O 10. Bxc4 Nd7 11. Nc3 Rb8 12. Be2 Qa5 13. Kf1 Ba6 14. Bxa6 Qxa6+ 15.
Kg1 Bxc3 16. bxc3 Qc4 17. Bh6 Rfe8 18. Ng5 Nhf6 19. Qf3 Rb2 20. Qh3 Qe2 21. Rf1
Reb8 22. Bg7 Rb1 23. Kh2 Rxf1 24. Rxf1 Kxg7 25. Rc1 Qd2 0-1

[Event "SportAccord Blitz Men 2013"]
[Site "Beijing CHN"]
[Date "2013.12.14"]
[Round "7.6"]
[White "Wang, Yue"]
[Black "Giri, Anish"]
[Result "1/2-1/2"]
[WhiteTitle "GM"]
[BlackTitle "GM"]
[WhiteElo "2723"]
[BlackElo "2734"]
[WhiteFideId "8601429"]
[BlackFideId "24116068"]
[EventDate "2013.12.14"]

1. c4 g6 2. g3 c5 3. Bg2 Bg7 4. Nc3 Nc6 5. Nf3 e6 6. d3 Nge7 7. h4 h6 8. Bf4 d6
9. Qc1 b6 10. O-O Bb7 11. a3 Nf5 12. Rb1 a5 13. Nb5 Na7 14. Nxa7 Rxa7 15. e4 Ne7
16. b4 axb4 17. axb4 h5 18. b5 O-O 19. Bh6 e5 20. Bg5 Bc8 21. Ra1 Qc7 22. Rxa7
Qxa7 23. Qa1 Qc7 24. Qa2 Bb7 25. Ra1 f6 26. Bd2 Ra8 27. Qb1 Rxa1 28. Qxa1 Bc8
29. Ne1 Kh7 30. Nc2 Bh6 31. Bxh6 Kxh6 32. Ne3 Kg7 33. Qa8 g5 34. Kh2 Qb7 35.
Qxb7 Bxb7 36. Bh3 g4 37. Bg2 Bc8 38. f3 Kh6 39. Kg1 Be6 40. Kf2 Kg6 41. Bf1 gxf3
42. Kxf3 f5 43. Be2 fxe4+ 44. dxe4 Ng8 45. Kf2 Nf6 46. Bf3 Kh6 47. Ke2 Kg6 48.
Kd3 Kh6 49. Nd1 Bh3 50. Nc3 Be6 51. Na4 Nd7 52. Be2 Kg6 53. Ke3 Kh6 54. Kf2 Kg6
55. Nc3 Nf6 56. Ke3 Kh6 57. Na4 Nd7 58. Nc3 Nf6 59. Na4 Nd7 60. Nc3 1/2-1/2

[Event "SportAccord Blitz Men 2013"]
[Site "Beijing CHN"]
[Date "2013.12.14"]
[Round "7.7"]
[White "Ivanchuk, Vassily"]
[Black "Dominguez Perez, Leinier"]
[Result "1/2-1/2"]
[WhiteTitle "GM"]
[BlackTitle "GM"]
[WhiteElo "2731"]
[BlackElo "2754"]
[WhiteFideId "14100010"]
[BlackFideId "3503240"]
[EventDate "2013.12.14"]

1. e4 c5 2. Nf3 d6 3. d4 cxd4 4. Nxd4 Nf6 5. Nc3 a6 6. Be3 Ng4 7. Bg5 h6 8. Bh4
g5 9. Bg3 Bg7 10. Bc4 Nc6 11. Nxc6 bxc6 12. h4 Qa5 13. Qf3 Be6 14. Bxe6 fxe6 15.
Qxg4 Bxc3+ 16. bxc3 Qxc3+ 17. Ke2 Qc4+ 18. Kd2 Qd4+ 1/2-1/2

[Event "SportAccord Blitz Men 2013"]
[Site "Beijing CHN"]
[Date "2013.12.14"]
[Round "7.8"]
[White "Karjakin, Sergey"]
[Black "Radjabov, Teimour"]
[Result "0-1"]
[WhiteTitle "GM"]
[BlackTitle "GM"]
[WhiteElo "2756"]
[BlackElo "2713"]
[WhiteFideId "14109603"]
[BlackFideId "13400924"]
[EventDate "2013.12.14"]

1. e4 c5 2. Nf3 Nc6 3. Nc3 g6 4. Bb5 Bg7 5. O-O Nd4 6. Ba4 Qa5 7. Rb1 a6 8. Nxd4
cxd4 9. b4 Qd8 10. Ne2 b5 11. Bb3 Bb7 12. d3 d5 13. f3 e6 14. Bb2 Ne7 15. Qe1
dxe4 16. dxe4 O-O 17. Qf2 Nc6 18. a3 a5 19. bxa5 Qxa5 20. Nf4 Qa7 21. Rfd1 Rfd8
22. Nd3 Na5 23. Bc1 Nc4 24. h4 h5 25. Re1 Bc6 26. Bg5 Rdc8 27. e5 Qd7 28. a4 Na5
29. axb5 Bxb5 30. Nf4 Nxb3 31. Rxb3 Ba4 32. Rb2 Rab8 33. Rxb8 Rxb8 34. Rd1 Qc7
35. Rxd4 Bxc2 36. Bf6 Bxf6 37. exf6 Bf5 38. Qe3 e5 39. Nd5 exd4 40. Qh6 Rb1+ 0-1

[Event "SportAccord Blitz Men 2013"]
[Site "Beijing CHN"]
[Date "2013.12.14"]
[Round "8.1"]
[White "Aronian, Levon"]
[Black "Radjabov, Teimour"]
[Result "1-0"]
[WhiteTitle "GM"]
[BlackTitle "GM"]
[WhiteElo "2803"]
[BlackElo "2713"]
[WhiteFideId "13300474"]
[BlackFideId "13400924"]
[EventDate "2013.12.14"]

1. d4 Nf6 2. Nf3 g6 3. Nbd2 Bg7 4. e4 d6 5. c3 O-O 6. Bd3 e5 7. O-O Nbd7 8. Re1
Qe7 9. a4 a5 10. b3 Nh5 11. Nc4 Re8 12. Bf1 Nhf6 13. dxe5 dxe5 14. Ba3 Qe6 15.
Ng5 Qg4 16. Qxg4 Nxg4 17. Rad1 h6 18. Nf3 Bf8 19. Bxf8 Kxf8 20. Na3 c6 21. Nc4
Nc5 22. h3 Nf6 23. Nfxe5 Be6 24. f3 Nxb3 25. Nb6 Rad8 26. Bc4 Bxc4 27. Nexc4 Ke7
28. Rb1 Nc5 29. Nxa5 Nfd7 30. Nac4 Nxb6 31. Rxb6 Rd3 32. Rc1 Red8 33. Kf2 g5 34.
Ke2 Kf6 35. a5 h5 36. Rc2 R3d7 37. Rd2 Na4 38. Rb3 Nc5 39. Rxd7 Rxd7 40. Rb4 Ne6
41. g3 h4 42. e5+ Kg6 43. gxh4 Nf4+ 44. Kf1 gxh4 45. Nd6 Nxh3 46. Rxb7 Rd8 47.
Rxf7 Ng5 48. Rf6+ Kh5 49. Nf5 Nxf3 50. Kf2 Ng5 51. Rh6+ Kg4 52. Ne3+ Kh3 53. e6
Re8 54. a6 Nxe6 55. a7 Nc5 56. Nf5 Kg4 57. Nd6 Ra8 58. Rg6+ Kf4 59. Rg7 h3 60.
Kg1 1-0

[Event "SportAccord Blitz Men 2013"]
[Site "Beijing CHN"]
[Date "2013.12.14"]
[Round "8.2"]
[White "Dominguez Perez, Leinier"]
[Black "Karjakin, Sergey"]
[Result "1/2-1/2"]
[WhiteTitle "GM"]
[BlackTitle "GM"]
[WhiteElo "2754"]
[BlackElo "2756"]
[WhiteFideId "3503240"]
[BlackFideId "14109603"]
[EventDate "2013.12.14"]

1. e4 e5 2. Nf3 Nc6 3. Bb5 a6 4. Ba4 Nf6 5. Nc3 Be7 6. Bxc6 dxc6 7. Nxe5 Nxe4 8.
Nxe4 Qd4 9. O-O Qxe5 10. Re1 O-O 11. d4 Qd5 12. Bf4 Qd8 13. Qd3 Bf5 14. c3 Bg6
15. Qg3 Rc8 16. Nc5 Bxc5 17. dxc5 Re8 18. h3 h6 19. Rad1 Rxe1+ 20. Rxe1 Qd5 21.
b4 Qxa2 22. Bxc7 Qd2 23. Re3 Qd7 24. Bd6 Re8 25. Qg4 Re6 26. Rxe6 Qxe6 27. Qxe6
fxe6 28. Be5 Kf7 29. Kh2 Bd3 30. Kg1 Bg6 31. Kh2 Bd3 32. Kg1 1/2-1/2

[Event "SportAccord Blitz Men 2013"]
[Site "Beijing CHN"]
[Date "2013.12.14"]
[Round "8.3"]
[White "Giri, Anish"]
[Black "Ivanchuk, Vassily"]
[Result "1-0"]
[WhiteTitle "GM"]
[BlackTitle "GM"]
[WhiteElo "2734"]
[BlackElo "2731"]
[WhiteFideId "24116068"]
[BlackFideId "14100010"]
[EventDate "2013.12.14"]

1. d4 Nf6 2. Nf3 e6 3. c4 b6 4. g3 Ba6 5. b3 Bb7 6. Bg2 Bb4+ 7. Bd2 a5 8. O-O
O-O 9. Qc2 c5 10. Bg5 a4 11. Nbd2 h6 12. Bxf6 Qxf6 13. Ne4 Bxe4 14. Qxe4 Nc6 15.
Rad1 axb3 16. axb3 cxd4 17. Nxd4 Nxd4 18. Qxd4 Qxd4 19. Rxd4 1-0

[Event "SportAccord Blitz Men 2013"]
[Site "Beijing CHN"]
[Date "2013.12.14"]
[Round "8.4"]
[White "Vachier-Lagrave, Maxime"]
[Black "Wang, Yue"]
[Result "1-0"]
[WhiteTitle "GM"]
[BlackTitle "GM"]
[WhiteElo "2745"]
[BlackElo "2723"]
[WhiteFideId "623539"]
[BlackFideId "8601429"]
[EventDate "2013.12.14"]

1. e4 c5 2. Nf3 e6 3. c3 Nf6 4. e5 Nd5 5. d4 cxd4 6. cxd4 Nc6 7. Bc4 d6 8. O-O
Be7 9. Qe2 O-O 10. Nc3 Nxc3 11. bxc3 dxe5 12. dxe5 Na5 13. Bd3 Bd7 14. Rd1 Qc7
15. Ng5 g6 16. Nxh7 Rfd8 17. Nf6+ Bxf6 18. exf6 Ba4 19. Rd2 Rac8 20. Qe3 Qxc3
21. Bb2 Rxd3 22. Qh6 1-0

[Event "SportAccord Blitz Men 2013"]
[Site "Beijing CHN"]
[Date "2013.12.14"]
[Round "8.5"]
[White "Ponomariov, Ruslan"]
[Black "Mamedyarov, Shakhriyar"]
[Result "0-1"]
[WhiteTitle "GM"]
[BlackTitle "GM"]
[WhiteElo "2731"]
[BlackElo "2757"]
[WhiteFideId "14103320"]
[BlackFideId "13401319"]
[EventDate "2013.12.14"]

1. e4 c6 2. d4 d5 3. e5 Bf5 4. Nf3 e6 5. Be2 Ne7 6. O-O Bg6 7. Nbd2 Nf5 8. c3
Nd7 9. Ne1 c5 10. Ndf3 c4 11. g3 h6 12. Ng2 Bh7 13. Bd2 a6 14. b3 Rc8 15. bxc4
dxc4 16. a4 b6 17. Nf4 Ne7 18. Re1 Qc7 19. Bf1 g5 20. Nh5 Nd5 21. h4 Bg6 22.
Nf6+ N7xf6 23. exf6 Bh5 24. hxg5 hxg5 25. Bg2 Bd6 26. Qe2 Nxf6 27. Bxg5 Nd5 28.
Qd2 Rg8 29. Bh4 Bf4 30. Qb2 Rg4 31. Ne5 Rxh4 32. gxh4 Qd8 33. Kf1 Kf8 34. Re4
Qxh4 35. Rae1 Kg7 36. Qa3 b5 37. axb5 axb5 38. Qa7 Nxc3 39. Nxf7 Rc7 40. Qb6
Nxe4 41. Rxe4 Rxf7 42. Qxb5 Bg6 43. Rxe6 Bg3 44. Re2 Bxf2 45. Qe5+ Kh7 46. Bd5
Be3+ 47. Bxf7 Qh1# 0-1

[Event "SportAccord Blitz Men 2013"]
[Site "Beijing CHN"]
[Date "2013.12.14"]
[Round "8.6"]
[White "Wang, Hao"]
[Black "Nepomniachtchi, Ian"]
[Result "0-1"]
[WhiteTitle "GM"]
[BlackTitle "GM"]
[WhiteElo "2735"]
[BlackElo "2721"]
[WhiteFideId "8602883"]
[BlackFideId "4168119"]
[EventDate "2013.12.14"]

1. Nf3 g6 2. e4 Nf6 3. e5 Nh5 4. Be2 d6 5. d4 Nc6 6. O-O Bg7 7. exd6 exd6 8. Re1
O-O 9. c3 a5 10. a4 Ne7 11. Bf1 h6 12. Na3 b6 13. d5 Nf6 14. c4 Nd7 15. Nb5 Nc5
16. Nfd4 Bb7 17. Be3 Kh7 18. g3 Qd7 19. Bg2 Rae8 20. Qc2 Ng8 21. Nc6 Na6 22. Re2
Nf6 23. h3 Bxc6 24. dxc6 Qd8 25. Rae1 Nb4 26. Qb1 Re7 27. Bd2 Rxe2 28. Rxe2 Na6
29. Be3 Re8 30. Qd3 Nb4 31. Qb1 Re7 32. Kf1 Qe8 33. Nd4 Ne4 34. Bf4 f5 35. Qd1
Bxd4 36. Qxd4 Nxg3+ 37. Bxg3 Rxe2 38. Bf3 Re1+ 39. Kg2 Nxc6 40. Qf6 Re6 41. Qc3
Ne5 42. Bd5 Re7 43. Kh2 Qf8 44. f4 Nd7 45. Bf3 Qf6 0-1

[Event "SportAccord Blitz Men 2013"]
[Site "Beijing CHN"]
[Date "2013.12.14"]
[Round "8.7"]
[White "Leko, Peter"]
[Black "Grischuk, Alexander"]
[Result "0-1"]
[WhiteTitle "GM"]
[BlackTitle "GM"]
[WhiteElo "2730"]
[BlackElo "2783"]
[WhiteFideId "703303"]
[BlackFideId "4126025"]
[EventDate "2013.12.14"]

1. e4 c5 2. Nf3 e6 3. d4 cxd4 4. Nxd4 Nc6 5. Nb5 d6 6. Bf4 e5 7. Be3 Nf6 8. Bg5
Be6 9. c4 Be7 10. N1c3 O-O 11. Be2 a6 12. Na3 Nxe4 13. Bxe7 Nxc3 14. Bxd8 Nxd1
15. Bc7 Nxb2 16. Bxd6 Rfd8 17. c5 Na4 18. Nc4 b5 19. Nxe5 Rxd6 20. cxd6 Nxe5 21.
O-O Nc3 22. Rfe1 Nxe2+ 23. Rxe2 Nc4 24. a4 b4 25. Rd1 Rd8 26. d7 Kf8 27. Rd4
Rxd7 0-1

[Event "SportAccord Blitz Men 2013"]
[Site "Beijing CHN"]
[Date "2013.12.14"]
[Round "8.8"]
[White "Kamsky, Gata"]
[Black "Le, Quang Liem"]
[Result "0-1"]
[WhiteTitle "GM"]
[BlackTitle "GM"]
[WhiteElo "2721"]
[BlackElo "2703"]
[WhiteFideId "2000024"]
[BlackFideId "12401137"]
[EventDate "2013.12.14"]

1. d4 Nf6 2. Bf4 g6 3. e3 Bg7 4. Nf3 O-O 5. c3 d6 6. h3 b6 7. a4 a6 8. Bd3 Bb7
9. O-O c5 10. Re1 Nc6 11. Bh2 Re8 12. e4 cxd4 13. cxd4 Nb4 14. Nc3 Nxd3 15. Qxd3
d5 16. e5 Ne4 17. Nd1 Rc8 18. Ne3 Qd7 19. Red1 Bc6 20. Qb3 Red8 21. Ne1 b5 22.
a5 Bh6 23. N1c2 Bb7 24. f3 Ng5 25. Ng4 Bf8 26. Bf4 Ne6 27. Bh6 Bxh6 28. Nxh6+
Kg7 29. Ng4 h5 30. Nge3 Nf4 31. Kh2 Rc7 32. Nb4 Rdc8 33. h4 f6 34. Nd3 Nxd3 35.
Qxd3 fxe5 36. dxe5 e6 37. Qd4 Qe7 38. Kg1 Bc6 39. Rac1 Be8 40. Rxc7 Qxc7 41. b4
Bf7 42. Kf2 Qe7 43. Rd2 g5 44. hxg5 Qxg5 45. g3 Bg6 46. Kg2 Qe7 47. Kh3 Rf8 48.
Rf2 Rc8 49. Rf1 Qf7 50. Kh2 Kh7 51. Kg2 Rc6 52. g4 Kg8 53. Kg3 Rc8 54. Rh1 Rf8
55. f4 Qg7 56. g5 Rc8 57. Qb6 Qf7 58. Qd4 Be4 59. Rf1 Qg6 60. Kh4 Qf7 61. Rf2
Kg7 62. f5 Rc1 63. g6 Qc7 64. f6+ Kxg6 65. Nf1 Rc4 66. Qd2 Qxe5 0-1